| 000 | 00532nam a22001817a 4500 | ||
|---|---|---|---|
| 005 | 20251108172200.0 | ||
| 008 | 250721s1976 xx 000 0 ara d | ||
| 082 | 1 | 4 | _aط/ق/رشي |
| 100 | 1 | _aالذاودي، رشيد | |
| 245 | 1 | 0 |
_aعظماء بلادي : _bعبد الرحمن بن خلدون / |
| 264 | 1 |
_aتونس : _bمكتبة النجاح، _c1976. |
|
| 300 | _a40ص : مص | ||
| 490 | 0 | _aعظماء بلادي | |
| 650 | 1 | 7 | _aالتراجم |
| 650 | 1 | 7 | _aأدب الأطفال |
| 942 |
_2ddc _cBK |
||
| 999 |
_c72505 _d72505 |
||